<?xml version="1.0" encoding="UTF-8"?>
<record
    xmlns:xsi="http://www.w3.org/2001/XMLSchema-instance"
    xsi:schemaLocation="http://www.loc.gov/MARC21/slim http://www.loc.gov/standards/marcxml/schema/MARC21slim.xsd"
    xmlns="http://www.loc.gov/MARC21/slim">

  <leader>00930nam a22002177a 4500</leader>
  <controlfield tag="005">20221117102602.0</controlfield>
  <controlfield tag="008">221117b           ||||| |||| 00| 0 eng d</controlfield>
  <datafield tag="020" ind1=" " ind2=" ">
    <subfield code="a">9789392451300</subfield>
  </datafield>
  <datafield tag="040" ind1=" " ind2=" ">
    <subfield code="c">AL</subfield>
  </datafield>
  <datafield tag="041" ind1=" " ind2=" ">
    <subfield code="a">Kannada</subfield>
  </datafield>
  <datafield tag="082" ind1=" " ind2=" ">
    <subfield code="2">23</subfield>
    <subfield code="a">306.74K</subfield>
    <subfield code="b">KOPP</subfield>
  </datafield>
  <datafield tag="100" ind1=" " ind2=" ">
    <subfield code="a">N Jagadish Koppa     &#xC8E;&#xCA8;&#xCCD; &#xC9C;&#xC97;&#xCA6;&#xCC0;&#xCB6;&#xCCD; &#xC95;&#xCCA;&#xCAA;&#xCCD;&#xCAA; </subfield>
    <subfield code="9">62377</subfield>
  </datafield>
  <datafield tag="245" ind1=" " ind2=" ">
    <subfield code="a">Padagalive Edeyolage: Devadasiyara Samskratika  Pallatagala Kathana  &#xCAA;&#xCA6;&#xC97;&#xCB3;&#xCBF;&#xCB5;&#xCC6; &#xC8E;&#xCA6;&#xCC6;&#xCAF;&#xCCA;&#xCB3;&#xC97;&#xCC6; : &#xCA6;&#xCC7;&#xCB5;&#xCA6;&#xCBE;&#xCB8;&#xCBF;&#xCAF;&#xCB0; &#xCB8;&#xCBE;&#xC82;&#xCB8;&#xCCD;&#xC95;&#xCC3;&#xCA4;&#xCBF;&#xC95; &#xCAA;&#xCB2;&#xCCD;&#xCB2;&#xC9F;&#xC97;&#xCB3; &#xC95;&#xCA5;&#xCA8; </subfield>
  </datafield>
  <datafield tag="260" ind1=" " ind2=" ">
    <subfield code="a">Bengaluru</subfield>
    <subfield code="b">Navakarnataka Publications Private Limited</subfield>
    <subfield code="c">2022</subfield>
  </datafield>
  <datafield tag="300" ind1=" " ind2=" ">
    <subfield code="a">352 p.</subfield>
    <subfield code="b">HB</subfield>
    <subfield code="c">22x14.5 cm.</subfield>
  </datafield>
  <datafield tag="365" ind1=" " ind2=" ">
    <subfield code="a">BLCR-000107</subfield>
    <subfield code="b">&#x20B9;312.00</subfield>
    <subfield code="c">&#x20B9;</subfield>
    <subfield code="d">&#x20B9;390.00</subfield>
    <subfield code="e">20%</subfield>
    <subfield code="f">10-11-2022</subfield>
  </datafield>
  <datafield tag="650" ind1=" " ind2=" ">
    <subfield code="a">Devadasiyaru</subfield>
    <subfield code="9">62378</subfield>
  </datafield>
  <datafield tag="650" ind1=" " ind2=" ">
    <subfield code="a">Culture</subfield>
    <subfield code="9">62379</subfield>
  </datafield>
  <datafield tag="700" ind1=" " ind2=" ">
    <subfield code="a">KOPPA (Jagadish N)  &#xC95;&#xCCA;&#xCAA;&#xCCD;&#xCAA;(&#xC8E;&#xCA8;&#xCCD; &#xC9C;&#xC97;&#xCA6;&#xCC0;&#xCB6;&#xCCD;)</subfield>
    <subfield code="9">62380</subfield>
  </datafield>
  <datafield tag="942" ind1=" " ind2=" ">
    <subfield code="2">ddc</subfield>
    <subfield code="c">BK</subfield>
  </datafield>
  <datafield tag="999" ind1=" " ind2=" ">
    <subfield code="c">225192</subfield>
    <subfield code="d">225192</subfield>
  </datafield>
  <datafield tag="952" ind1=" " ind2=" ">
    <subfield code="0">0</subfield>
    <subfield code="1">0</subfield>
    <subfield code="2">ddc</subfield>
    <subfield code="4">0</subfield>
    <subfield code="7">0</subfield>
    <subfield code="8">SW</subfield>
    <subfield code="a">AL</subfield>
    <subfield code="b">AL</subfield>
    <subfield code="d">2022-11-15</subfield>
    <subfield code="e">Navakarnataka Publications Pvt Ltd</subfield>
    <subfield code="g">312.00</subfield>
    <subfield code="l">1</subfield>
    <subfield code="o">306.74K KOPP</subfield>
    <subfield code="p">076239</subfield>
    <subfield code="r">2023-04-12 00:00:00</subfield>
    <subfield code="s">2023-03-07</subfield>
    <subfield code="v">390.00</subfield>
    <subfield code="w">2022-11-17</subfield>
    <subfield code="y">BK</subfield>
  </datafield>
</record>
